000
00369nam a2200133Ia 4500
003
GCL
008
140319s9999 xx 000 0 ara d
040
_a
GCL /
_c
GCL
082
0
4
_a
956.904
_b
ا ا
245
1
0
_a
الانتفاضة الفلسطينية والتحرير
260
_a
[S.N] :
_b
دار المستقبل العربى ،
_c
1989
300
_a
234 ص
490
_a
999
_c
54973
_d
54973